Online
Catalog

Aventura : (Record no. 42041)

MARC details
000 -CABECERA
campo de control de longitud fija 00550nam a2200181 a 4500
001 - NÚMERO DE CONTROL
campo de control 000042552
005 - FECHA Y HORA DE LA ÚLTIMA TRANSACCIÓN
campo de control 20201002040230.0
008 - DATOS DE LONGITUD FIJA--INFORMACIÓN GENERAL
campo de control de longitud fija 140127s2000 sp 000 p spa d
020 ## - NÚMERO INTERNACIONAL ESTÁNDAR DEL LIBRO
Número Internacional Estándar del Libro 8484500268
040 ## - FUENTE DE LA CATALOGACIÓN
Centro catalogador/agencia de origen DO-SdBNP
Lengua de catalogación spa
Centro/agencia transcriptor BNPHU
082 ## - NÚMERO DE LA CLASIFICACIÓN DECIMAL DEWEY
Número de clasificación xxx
Número de documento/Ítem A694a
100 1# - ENTRADA PRINCIPAL--NOMBRE DE PERSONA
Nombre de persona Argullol, Rafael,
Fechas asociadas al nombre 1949-
9 (RLIN) 8747
245 10 - MENCIÓN DE TÍTULO
Título Aventura :
Resto del título una filosofía nómada /
Mención de responsabilidad, etc. Rafael Argullol.
260 ## - PUBLICACIÓN, DISTRIBUCIÓN, ETC.
Lugar de publicación, distribución, etc. Barcelona, España :
Nombre del editor, distribuidor, etc. Plaza & Janés,
-- Debolsillo,
Fecha de publicación, distribución, etc. 2000.
300 ## - DESCRIPCIÓN FÍSICA
Extensión 213 p. ;
Dimensiones 17 cm.
490 1# - MENCIÓN DE SERIE
Mención de serie Círculo cuadrado
830 #0 - PUNTO DE ACCESO ADICIONAL DE SERIE-TÍTULO UNIFORME
Título uniforme Círculo cuadrado
9 (RLIN) 69798
Holdings
Estado de retiro Estado de pérdida Restricciones de uso No para préstamo Código de colección Localización permanente Ubicación/localización actual Ubicación en estantería Fecha de adquisición Número de inventario Total de préstamos Signatura topográfica completa Código de barras Fecha visto por última vez Precio válido a partir de Tipo de ítem Koha
      Excluido de préstamo Monografías: Libros y Folletos General General En catalogación 27.01.2014 LF1   xxx A694a 42552-10 25.06.2020 25.06.2020 No se presta

Powered by Koha